| 000 | 00530nam a2200145Ia 4500 | ||
|---|---|---|---|
| 008 | 100204s9999 xx 000 0 und d | ||
| 082 | _b4915 | ||
| 100 | _aवाळिंबे मोरेश्वर माधव | ||
| 245 | _aशूरा मी वंदिले | ||
| 260 |
_b"अरगडे कुलकुर्णी प्रकाशन, पुणे" _c1975 |
||
| 300 | _a64 | ||
| 630 | _aशूरा मी वंदिले | ||
| 730 | _aशूरा मी वंदिले | ||
| 942 | _cBOOK | ||
| 999 |
_c449584 _d449581 |
||